|
|
|
|
| LEADER |
01602nam a2200397 a 4500 |
| 001 |
30100 |
| 003 |
BD-DhAAL |
| 005 |
20151102111719.0 |
| 008 |
151102s19839999ctuar 0 a0eng |
| 010 |
|
|
|a 82640517
|
| 020 |
|
|
|a 007286379X
|
| 022 |
0 |
|
|a 0731-1141
|
| 040 |
|
|
|a DLC
|b eng
|c DLC
|d NSDP
|d DLC
|d InU
|d NST
|d InU
|d NST
|d InU
|d NST
|d NSDP
|d OCoLC
|d CaQQL
|d OCoLC
|d OCLCO
|d OCoLC
|d DLC
|d BD-DhAAL
|
| 050 |
0 |
0 |
|a LB1051
|b .E362
|
| 082 |
0 |
4 |
|a 370.15/05
|
| 130 |
0 |
|
|a Educational psychology (Guilford, Conn.)
|9 15911
|
| 222 |
|
0 |
|a Educational psychology
|b (Guilford, Conn.)
|
| 245 |
1 |
0 |
|a Educational psychology.
|
| 246 |
1 |
4 |
|a Annual editions, educational psychology
|
| 260 |
|
|
|a Dubuque :
|b McGraw-Hill/Dushkin,
|c c2004
|
| 300 |
|
|
|a xvi, 223 p. :
|b ill. ;
|c 28 cm.
|
| 310 |
|
|
|a Annual
|
| 362 |
0 |
|
|a 82/83-
|
| 490 |
1 |
|
|a Annual editions
|
| 541 |
|
|
|e 30100
|
| 590 |
|
|
|a SERBIB/SERLOC merged record
|
| 650 |
|
0 |
|a Educational psychology
|v Periodicals.
|9 15912
|
| 650 |
|
6 |
|a Psychopédagogie
|v Périodiques.
|9 15913
|
| 650 |
|
6 |
|a Psychologie scolaire
|v Périodiques.
|9 15914
|
| 650 |
|
6 |
|a Pédagogie
|v Périodiques.
|9 15915
|
| 776 |
0 |
8 |
|i Online version:
|t Educational psychology (Online)
|x 2159-1091
|w (DLC) 2010208050
|w (OCoLC)693601580
|
| 776 |
0 |
8 |
|i Online version:
|t Educational psychology (Guilford, Conn.)
|w (OCoLC)768089817
|
| 830 |
|
0 |
|a Annual editions.
|9 15450
|
| 942 |
|
|
|2 ddc
|c BK
|
| 999 |
|
|
|c 36005
|d 36005
|
| 952 |
|
|
|0 0
|1 0
|2 ddc
|4 0
|6 370_150500000000000_EDU
|7 0
|9 56569
|a BRACUL
|b BRACUL
|c GEN
|d 2015-11-02
|e BIL
|l 0
|o 370.1505 EDU
|p 3010030100
|r 2015-11-02
|t 1
|w 2015-11-02
|y BK
|x Transferred from BIL to BRACUL on 06/06/22
|